000 00481nam a2200193Ia 4500
003 LK-CoDNM
005 20240425135144.0
008 010623t1952 xxu||||| |||| 00| 1 sin d
040 _aLK-CoDNM
_dLK-CoDNM
_eLK-CoDNM
041 _asin
080 _aජ99
245 _aශ්‍රි ලංකා
246 _aSri Lanka
260 _bLake House
_aColombo
_c1952
300 _b28P.,27 cm
650 _aColombo Exhibition 1952
650 _aProvincial Council
942 _cBK
999 _c102788
_d102788